000 00846cam a2200253 a 4500
005 20170515091643.0
008 090915s2007 txua 001 0 eng d
020 _a1597180386
020 _a9781597180382
040 _aMYG
_cMYG
_dMYG
_dNLGGC
_dMUQ
_dDRB
_dDLC
041 0 _aeng
044 _axxu
082 0 4 _a005.55
_bS79a10
245 0 0 _aStata quick reference and index :
_brelease 10.
246 1 4 _aStata release 10 :
_bquick reference and index
246 1 8 _aStata 10 quick reference and index
260 _aCollege Station, Tex. :
_bStataCorp LP,
_cc2007.
300 _a141 páginas :
_billustraciones, ;
_c24 x 19 cm.
500 _aIncluye índices.
630 0 _aStata (Software)
_vGuías, manuales, etc.
650 2 6 _aEstadísticas
_xProgramas de ordenador
710 2 _aStata Corporation
942 _2ddc
_cLIBRO
999 _c19499
_d19499